Opponents of UK national football teams - Statistics

General Stats
  • This quiz has been taken 55 times
  • The average score is 155 of 179
Answer Stats
Country Tournament Result Answer % Correct
England 1996 Euro Cup 1-1p Germany
100%
England 2000 Euro Cup 1-0 Germany
100%
England 2010 World Cup 1-4 Germany
100%
England 2020 Euro Cup 2-0 Germany
100%
Northern Ireland 2016 Euro Cup 0-1 Germany
100%
Scotland 1992 Euro Cup 0-2 Germany
100%
England 1950 World Cup 0-1 USA
100%
England 2010 World Cup 1-1 USA
100%
England 2022 World Cup 0-0 USA
100%
Wales 2022 World Cup 1-1 USA
100%
England 1966 World Cup 4-2 West Germany
100%
England 1970 World Cup 2-3 West Germany
100%
England 1982 World Cup 0-0 West Germany
100%
England 1990 World Cup 1-1p West Germany
100%
Northern Ireland 1958 World Cup 2-2 West Germany
100%
Scotland 1986 World Cup 1-2 West Germany
100%
England 1962 World Cup 3-1 Argentina
98%
England 1966 World Cup 1-0 Argentina
98%
England 1986 World Cup 1-2 Argentina
98%
England 1998 World Cup 2-2p Argentina
98%
England 2002 World Cup 1-0 Argentina
98%
Northern Ireland 1958 World Cup 1-3 Argentina
98%
England 1958 World Cup 0-0 Brazil
98%
England 1962 World Cup 1-3 Brazil
98%
England 1970 World Cup 0-1 Brazil
98%
England 2002 World Cup 1-2 Brazil
98%
Northern Ireland 1986 World Cup 0-3 Brazil
98%
Scotland 1974 World Cup 0-0 Brazil
98%
Scotland 1982 World Cup 1-4 Brazil
98%
Scotland 1990 World Cup 0-1 Brazil
98%
Scotland 1998 World Cup 1-2 Brazil
98%
Wales 1958 World Cup 0-1 Brazil
98%
England 1966 World Cup 2-0 France
98%
England 1982 World Cup 3-1 France
98%
England 1992 Euro Cup 0-0 France
98%
England 2004 Euro Cup 1-2 France
98%
England 2012 Euro Cup 1-1 France
98%
England 2022 World Cup 1-2 France
98%
Northern Ireland 1958 World Cup 0-4 France
98%
Northern Ireland 1982 World Cup 1-4 France
98%
Scotland 1958 World Cup 1-2 France
98%
England 1980 Euro Cup 0-1 Italy
98%
England 1990 World Cup 1-2 Italy
98%
England 2012 Euro Cup 0-0p Italy
98%
England 2014 World Cup 1-2 Italy
98%
England 2020 Euro Cup 1-1p Italy
98%
Wales 2020 Euro Cup 0-1 Italy
98%
England 1966 World Cup 2-1 Portugal
98%
England 1986 World Cup 0-1 Portugal
98%
England 2000 Euro Cup 2-3 Portugal
98%
England 2004 Euro Cup 2-2p Portugal
98%
England 2006 World Cup 0-0p Portugal
98%
Wales 2016 Euro Cup 0-2 Portugal
98%
England 1950 World Cup 0-1 Spain
98%
England 1980 Euro Cup 2-1 Spain
98%
England 1982 World Cup 0-0 Spain
98%
England 1996 Euro Cup p0-0 Spain
98%
Northern Ireland 1982 World Cup 1-0 Spain
98%
Northern Ireland 1986 World Cup 1-2 Spain
98%
England 1992 Euro Cup 1-2 Sweden
98%
England 2002 World Cup 1-1 Sweden
98%
England 2006 World Cup 2-2 Sweden
98%
England 2012 Euro Cup 3-2 Sweden
98%
England 2018 World Cup 2-0 Sweden
98%
Scotland 1990 World Cup 2-1 Sweden
98%
Wales 1958 World Cup 0-0 Sweden
98%
Scotland 1992 Euro Cup 3-0 CIS
96%
England 2016 Euro Cup 1-1 Russia
96%
England 1958 World Cup 2-2 Soviet Union
96%
England 1958 World Cup 0-1 Soviet Union
96%
England 1968 Euro Cup 2-0 Soviet Union
96%
England 1988 Euro Cup 1-3 Soviet Union
96%
Scotland 1982 World Cup 2-2 Soviet Union
96%
England 1998 World Cup 2-0 Colombia
91%
England 2018 World Cup p1-1 Colombia
91%
England 1992 Euro Cup 0-0 Denmark
89%
England 2002 World Cup 3-0 Denmark
89%
England 2020 Euro Cup 2-1 Denmark
89%
Scotland 1986 World Cup 0-1 Denmark
89%
Wales 2020 Euro Cup 0-4 Denmark
89%
England 1990 World Cup 1-0 Egypt
89%
England 1988 Euro Cup 0-1 Ireland
89%
England 1990 World Cup 1-1 Ireland
89%
Wales 2016 Euro Cup 3-0 Russia
89%
England 1954 World Cup 2-0 Switzerland
89%
England 1996 Euro Cup 1-1 Switzerland
89%
England 2004 Euro Cup 3-0 Switzerland
89%
Scotland 1996 Euro Cup 1-0 Switzerland
89%
Wales 2020 Euro Cup 1-1 Switzerland
89%
England 1954 World Cup 4-4 Belgium
87%
England 1980 Euro Cup 1-1 Belgium
87%
England 1990 World Cup 1-0 Belgium
87%
England 2018 World Cup 0-1 Belgium
87%
England 2018 World Cup 0-2 Belgium
87%
Wales 2016 Euro Cup 3-1 Belgium
87%
England 1988 Euro Cup 1-3 Netherlands
87%
England 1990 World Cup 0-0 Netherlands
87%
England 1996 Euro Cup 4-1 Netherlands
87%
Scotland 1978 World Cup 3-2 Netherlands
87%
Scotland 1992 Euro Cup 0-1 Netherlands
87%
Scotland 1996 Euro Cup 0-0 Netherlands
87%
Scotland 1998 World Cup 1-1 Norway
87%
England 1986 World Cup 3-0 Poland
87%
Northern Ireland 2016 Euro Cup 0-1 Poland
87%
England 2004 Euro Cup 4-2 Croatia
84%
England 2018 World Cup 1-2 Croatia
84%
England 2020 Euro Cup 1-0 Croatia
84%
Scotland 2020 Euro Cup 1-3 Croatia
84%
England 1966 World Cup 2-0 Mexico
84%
Wales 1958 World Cup 1-1 Mexico
84%
England 1954 World Cup 2-4 Uruguay
84%
England 1966 World Cup 0-0 Uruguay
84%
England 2014 World Cup 1-2 Uruguay
84%
Scotland 1954 World Cup 0-7 Uruguay
84%
Scotland 1986 World Cup 0-0 Uruguay
84%
England 1996 Euro Cup 2-0 Scotland
82%
England 2020 Euro Cup 0-0 Scotland
82%
England 2016 Euro Cup 0-0 Slovakia
82%
Wales 2016 Euro Cup 2-1 Slovakia
82%
England 2016 Euro Cup 2-1 Wales
82%
England 2022 World Cup 3-0 Wales
82%
Northern Ireland 2016 Euro Cup 0-1 Wales
82%
England 1950 World Cup 2-0 Chile
80%
England 1970 World Cup 1-0 Czechoslovakia
80%
England 1982 World Cup 2-0 Czechoslovakia
80%
Northern Ireland 1958 World Cup 1-0 Czechoslovakia
80%
Northern Ireland 1958 World Cup 2-1 Czechoslovakia
80%
England 2020 Euro Cup 1-0 Czech Republic
80%
Scotland 2020 Euro Cup 0-2 Czech Republic
80%
England 1962 World Cup 1-2 Hungary
80%
Wales 1958 World Cup 1-1 Hungary
80%
Wales 1958 World Cup 2-1 Hungary
80%
England 2012 Euro Cup 1-0 Ukraine
80%
England 2020 Euro Cup 4-0 Ukraine
80%
Northern Ireland 2016 Euro Cup 2-0 Ukraine
80%
England 1958 World Cup 2-2 Austria
78%
Northern Ireland 1982 World Cup 2-2 Austria
78%
Scotland 1954 World Cup 0-1 Austria
78%
England 2022 World Cup 6-2 Iran
78%
Scotland 1978 World Cup 1-1 Iran
78%
Wales 2022 World Cup 0-2 Iran
78%
England 2002 World Cup 0-0 Nigeria
78%
England 1986 World Cup 3-0 Paraguay
78%
England 2006 World Cup 1-0 Paraguay
78%
Scotland 1958 World Cup 2-3 Paraguay
78%
England 1970 World Cup 1-0 Romania
78%
England 1998 World Cup 1-2 Romania
78%
England 2000 Euro Cup 2-3 Romania
78%
England 2010 World Cup 1-0 Slovenia
78%
England 1998 World Cup 2-0 Tunisia
78%
England 2018 World Cup 2-1 Tunisia
78%
Wales 2020 Euro Cup 2-0 Turkey
78%
England 1986 World Cup 0-0 Morocco
76%
Scotland 1998 World Cup 0-3 Morocco
76%
England 2018 World Cup 6-1 Panama
76%
England 2010 World Cup 0-0 Algeria
73%
Northern Ireland 1986 World Cup 1-1 Algeria
73%
England 2014 World Cup 0-0 Costa Rica
73%
Scotland 1990 World Cup 0-1 Costa Rica
73%
England 2006 World Cup 1-0 Ecuador
73%
England 2016 Euro Cup 1-2 Iceland
73%
Wales 2016 Euro Cup 1-0 Northern Ireland
73%
Scotland 1978 World Cup 1-3 Peru
71%
England 1968 Euro Cup 0-1 Yugoslavia
69%
Northern Ireland 1982 World Cup 0-0 Yugoslavia
69%
Scotland 1958 World Cup 1-1 Yugoslavia
69%
Scotland 1974 World Cup 1-1 Yugoslavia
69%
England 1962 World Cup 0-0 Bulgaria
67%
England 1990 World Cup 3-2 Cameroon
67%
Scotland 1996 Euro Cup 0-2 England
64%
Scotland 2020 Euro Cup 0-0 England
64%
Wales 2016 Euro Cup 1-2 England
64%
Wales 2022 World Cup 0-3 England
64%
England 2022 World Cup 3-0 Senegal
64%
Scotland 1982 World Cup 5-2 New Zealand
62%
England 2006 World Cup 2-0 Trinidad & Tobago
51%
Northern Ireland 1982 World Cup 1-1 Honduras
47%
Scotland 1974 World Cup 2-0 Zaire
36%
England 1982 World Cup 1-0 Kuwait
33%
No matching quizzes found
Score Distribution
Percent of People with Each Score
Percentile by Number Answered
Your Score History
You have not taken this quiz